Universitäten in Baden-Württemberg - Statistiken

Allgemein
  • Dieses Quiz wurde 324 mal gespielt
  • Das Durchschnittsergebnis liegt bei 8 aus 9
Antwortstatistiken
Name der Universität Gründung Studierende Stadt % Korrekt
Universität [Ortsname] 1967 ca. 22.000 Stuttgart
98%
Ruprecht-Karls-Universität 1386 ca. 30.000 Heidelberg
97%
Institut für Technologie 2009 ca. 22.000 Karlsruhe
95%
Universität [Ortsname] 1967 ca. 12.000 Mannheim
95%
Albert-Ludwigs-Universität 1457 ca. 25.000 Freiburg (Breisgau)
94%
Universität [Ortsname] 1967 ca. 10.000 Ulm
90%
Eberhard-Karls-Universität 1477 ca. 28.000 Tübingen
86%
Universität [Ortsname] 1966 ca. 10.000 Konstanz
82%
Universität [Ortsname] 1968 ca. 9.000 Hohenheim
25%
Keine übereinstimmenden Quizze gefunden
Verteilung der Resultate
Anzahl Personen mit jedem Resultat
Perzentil nach korrekt beantworteten Fragen
Ihre Resultats-Entwicklung
Sie haben dieses Quiz noch nicht gespielt